[Event "DSOL 2021"]
[Site "Germany"]
[Date "2021.03.01"]
[Round "5.1"]
[White "Babula, Vlastimil"]
[Black "Ewert, Hannes"]
[Result "1-0"]
[WhiteElo "2559"]
[BlackElo "2266"]
[Annotator "TA"]
[PlyCount "95"]
[EventDate "2021.01.18"]
[EventType "team-tourn"]
[EventCountry "GER"]
[SourceTitle "playchess.com"]
[Source "ChessBase"]
[SourceQuality "1"]

1. d4 Nf6 2. c4 e6 3. Nf3 b6 4. g3 Bb4+ 5. Bd2 Be7 6. Bg2 d5 7. cxd5 exd5 8. O-O O-O 9. Nc3 Bb7 10. Rc1 h6 11. Ne5 c5 12. dxc5 Bxc5 13. Nd3 Be7 14. Nf4 Na6 15. Be3 Nc7 16. Bd4 Rc8 17. Qb3 Bd6 18. Ncxd5 Nfxd5 19. Nxd5 Bxd5 20. Bxd5 Bf4 21. gxf4 Qxd5 22. Qxd5 Nxd5 23. e3 Rfd8 24. Rxc8 Rxc8 25. Rd1 f6 26. Kg2 Kf7 27. Kf3 g5 28. f5 Ne7 29. Bc3 Nxf5 30. Rd7+ Ke6 31. Rxa7 h5 32. a4 Nd6 33. Ra6 g4+ 34. Ke2 Rc6 35. a5 f5 36. axb6 Kd5 37. Ra5+ Kc4 38. Bd4 h4 39. Ra7 Rc8 40. Be5 Kd5 41. Ra5+ Ke6 42. Bxd6 Kxd6 43. Kd3 Rb8 44. Rxf5 Rxb6 45. Rf6+ Kc5 46. Rxb6 Kxb6 47. Ke4 g3 48. fxg3 1-0

[Event "DSOL 2021"]
[Site "Germany"]
[Date "2021.03.03"]
[Round "5.1"]
[White "Carlstedt, Jonathan"]
[Black "Antonov, Alexander"]
[Result "1-0"]
[WhiteElo "2451"]
[BlackElo "1990"]
[Annotator "TA"]
[PlyCount "71"]
[EventDate "2021.01.18"]
[EventType "team-tourn"]
[EventCountry "GER"]
[SourceTitle "playchess.com"]
[Source "ChessBase"]
[SourceQuality "1"]

1. c4 Na6 2. g3 c6 3. Bg2 g6 4. Nf3 Bg7 5. O-O Nf6 6. b3 O-O 7. Bb2 d5 8. d3 Nc7 9. Nbd2 Bg4 10. Qc2 Qc8 11. Rfe1 Bh3 12. Bh1 Ne6 13. Rac1 Rd8 14. cxd5 Nxd5 15. Bxg7 Nxg7 16. Qc4 Be6 17. Ng5 Nf6 18. Qb4 Qc7 19. Qh4 Qe5 20. Nde4 Nfh5 21. g4 Bxg4 22. Nxf7 Kxf7 23. Qxg4 Nf6 24. Qg3 Qd4 25. Rc4 Nxe4 26. Bxe4 Qd6 27. Rec1 Nh5 28. Qh4 Kg7 29. Bf3 Nf6 30. b4 a6 31. d4 e5 32. Bxc6 bxc6 33. Rxc6 Qe7 34. Rxf6 Rxd4 35. Rxg6+ Kf8 36. Rg8+ 1-0

[Event "DSOL 2021"]
[Site "Germany"]
[Date "2021.03.03"]
[Round "5.1"]
[White "Agopov, Mikael"]
[Black "Holinka, Henning"]
[Result "1-0"]
[WhiteElo "2427"]
[BlackElo "2256"]
[Annotator "TA"]
[PlyCount "45"]
[EventDate "2021.01.18"]
[EventType "team-tourn"]
[EventCountry "GER"]
[SourceTitle "playchess.com"]
[Source "ChessBase"]
[SourceQuality "1"]

1. e4 g6 2. d4 Bg7 3. Nc3 a6 4. Be3 b5 5. Qd2 Bb7 6. h4 h6 7. Bd3 d6 8. f4 b4 9. Nce2 a5 10. h5 Nf6 11. Ng3 Nxh5 12. Nxh5 gxh5 13. Ne2 Nd7 14. Ng3 Nf6 15. e5 Ng4 16. Nxh5 Bf8 17. Bg1 dxe5 18. dxe5 Qd5 19. Rh4 Qe6 20. O-O-O O-O-O 21. Rxg4 Qxg4 22. Bf5+ Qxf5 23. Qxd8# 1-0

[Event "DSOL 2021"]
[Site "Germany"]
[Date "2021.03.01"]
[Round "5.1"]
[White "Haub, Thorsten Michael"]
[Black "Schwekendiek, Ulrich"]
[Result "1-0"]
[WhiteElo "2426"]
[BlackElo "2271"]
[Annotator "TA"]
[PlyCount "67"]
[EventDate "2021.01.18"]
[EventType "team-tourn"]
[EventCountry "GER"]
[SourceTitle "playchess.com"]
[Source "ChessBase"]
[SourceQuality "1"]

1. Nf3 Nf6 2. g3 g6 3. d3 Bg7 4. e4 d6 5. Bg2 O-O 6. O-O c6 7. Nbd2 Na6 8. a4 Nc7 9. Re1 e5 10. a5 Bg4 11. h3 Bxf3 12. Nxf3 a6 13. d4 exd4 14. Nxd4 Re8 15. c3 d5 16. e5 Nd7 17. f4 Nf8 18. Be3 f6 19. exf6 Bxf6 20. Nf3 Nb5 21. Qd3 Qc7 22. Nd2 Qf7 23. Bf2 Rxe1+ 24. Rxe1 Rd8 25. f5 g5 26. Nf3 Qg7 27. Nh2 Rd7 28. Ng4 Bd8 29. Re8 Bf6 30. Bc5 Rf7 31. Bxd5 cxd5 32. Qxd5 Nc7 33. Nxf6+ Kh8 34. Qxf7 1-0

[Event "DSOL 2021"]
[Site "Germany"]
[Date "2021.03.01"]
[Round "5.1"]
[White "Gschnitzer, Adrian"]
[Black "Lauer, Moritz"]
[Result "1-0"]
[WhiteElo "2413"]
[BlackElo "2399"]
[Annotator "TA"]
[PlyCount "99"]
[EventDate "2021.01.18"]
[EventType "team-tourn"]
[EventCountry "GER"]
[SourceTitle "playchess.com"]
[Source "ChessBase"]
[SourceQuality "1"]

1. c4 e5 2. Nc3 Nc6 3. Nf3 Nf6 4. e3 d6 5. d4 Bg4 6. Be2 Be7 7. h3 Bh5 8. O-O O-O 9. b3 Re8 10. Bb2 Bf8 11. Nxe5 dxe5 12. Bxh5 exd4 13. exd4 Nxd4 14. Nd5 Nxd5 15. Qxd4 Nf6 16. Bf3 Qxd4 17. Bxd4 Rad8 18. Rad1 b6 19. Be3 Rxd1 20. Rxd1 Bd6 21. Bc6 Rd8 22. Kf1 Kf8 23. b4 Be7 24. Rxd8+ Bxd8 25. Ke2 Ke7 26. c5 Ke6 27. Kd3 Nd5 28. Bd2 Ne7 29. Be8 c6 30. a4 bxc5 31. bxc5 Bc7 32. g4 f5 33. Kc4 g6 34. f3 Kf6 35. Bd7 fxg4 36. fxg4 g5 37. Bc3+ Kf7 38. Be1 h6 39. Bc3 Kf8 40. a5 Kf7 41. a6 Kf8 42. Kd4 Kf7 43. Bb2 Bh2 44. Ke4 Nd5 45. Bxc6 Nf4 46. Bd5+ Ke7 47. Be5 Bg1 48. c6 Bb6 49. c7 Kd7 50. Bc6+ 1-0

[Event "DSOL 2021"]
[Site "Germany"]
[Date "2021.03.04"]
[Round "5.1"]
[White "Braun, Christian"]
[Black "Kopylov, Daniel"]
[Result "1-0"]
[WhiteElo "2409"]
[BlackElo "2353"]
[Annotator "TA"]
[PlyCount "137"]
[EventDate "2021.01.18"]
[EventType "team-tourn"]
[EventCountry "GER"]
[SourceTitle "playchess.com"]
[Source "ChessBase"]
[SourceQuality "1"]

1. e4 c5 2. Nc3 d6 3. f4 Nc6 4. Nf3 Nf6 5. Bb5 Bd7 6. O-O e6 7. d3 Be7 8. Bxc6 Bxc6 9. e5 dxe5 10. fxe5 Ng4 11. Qe2 Bxf3 12. Qxf3 Nxe5 13. Qxb7 O-O 14. Qe4 Qd4+ 15. Be3 Qxe4 16. Nxe4 c4 17. Bf4 Ng6 18. dxc4 f5 19. Nc3 Bc5+ 20. Kh1 Nxf4 21. Rxf4 Rad8 22. Rff1 Rd2 23. Rac1 Bd4 24. Nb1 Re2 25. b4 e5 26. c3 Bf2 27. Na3 Rxa2 28. Nc2 Bh4 29. b5 Bg5 30. Nb4 Rb2 31. Rb1 Rxb1 32. Rxb1 Bd2 33. Nd5 e4 34. c5 e3 35. Nf4 Bxc3 36. g3 g5 37. Ne2 Be5 38. Kg2 g4 39. Rd1 Kf7 40. Rd7+ Ke6 41. Rxa7 Rd8 42. Ra3 Rd5 43. Nf4+ Bxf4 44. gxf4 Rxc5 45. Rxe3+ Kd6 46. b6 Kc6 47. Re6+ Kb7 48. Rh6 Rc2+ 49. Kg3 Rb2 50. Rxh7+ Kxb6 51. Rh5 Rb5 52. Kh4 Kc6 53. Kg5 Kd6 54. Kf6 Rb3 55. Kxf5 Ke7 56. Kxg4 Kf6 57. Rf5+ Kg6 58. Ra5 Rb1 59. Ra6+ Kg7 60. h4 Rb2 61. h5 Rb1 62. Kg5 Rb2 63. Ra7+ Kg8 64. h6 Rb5+ 65. f5 Rb6 66. f6 Rb8 67. Kg6 Kh8 68. Rh7+ Kg8 69. f7+ 1-0

[Event "DSOL 2021"]
[Site "Germany"]
[Date "2021.03.01"]
[Round "5.1"]
[White "Sawlin, Leonid"]
[Black "Schroeder, Christoph"]
[Result "1/2-1/2"]
[WhiteElo "2385"]
[BlackElo "2166"]
[Annotator "TA"]
[PlyCount "151"]
[EventDate "2021.01.18"]
[EventType "team-tourn"]
[EventCountry "GER"]
[SourceTitle "playchess.com"]
[Source "ChessBase"]
[SourceQuality "1"]

1. e4 e6 2. d4 d5 3. Nd2 dxe4 4. Nxe4 Nf6 5. Nxf6+ gxf6 6. Nf3 Nc6 7. Bd3 b6 8. O-O Bb7 9. Re1 Qd7 10. c3 O-O-O 11. b3 Bd6 12. Qe2 Kb8 13. Bh6 Rhg8 14. Red1 Ne7 15. c4 Ng6 16. Kf1 f5 17. Bg5 Nf4 18. Bxf4 Bxf4 19. a4 Qc6 20. d5 exd5 21. cxd5 Rxd5 22. Bb5 Qc3 23. Bc4 Rxd1+ 24. Rxd1 Bxf3 25. Qxf3 Qxf3 26. gxf3 Bd6 27. Bxf7 Rf8 28. Be6 Rf6 29. Bc4 Kc8 30. Bb5 Kb7 31. Rd4 Rh6 32. Bd3 Rh5 33. h4 Be7 34. Rd7 Bxh4 35. f4 Bf6 36. Rf7 Bd4 37. Kg2 Rh6 38. Bxf5 Rf6 39. Be4+ Kc8 40. Rxh7 Rxf4 41. f3 Rf8 42. Rh5 a5 43. Kg3 Bc5 44. f4 Bd6 45. Bf5+ Kb7 46. Kg4 Kc6 47. Be4+ Kd7 48. Rh7+ Ke6 49. Rh6+ Ke7 50. f5 Rg8+ 51. Kf3 Rg3+ 52. Ke2 Rxb3 53. f6+ Kd7 54. Bf5+ Ke8 55. Be6 Rb2+ 56. Kf3 Rh2 57. Rg6 Bf8 58. Bc4 Rh6 59. f7+ Ke7 60. Rg5 Rf6+ 61. Ke4 Kd6 62. Rd5+ Kc6 63. Rh5 Bd6 64. Bb5+ Kb7 65. Rh7 Bf8 66. Ke5 Rh6 67. Rxh6 Bxh6 68. Ke6 c6 69. Bd3 b5 70. axb5 cxb5 71. Bxb5 a4 72. Bxa4 Bf8 73. Kd7 Kb6 74. Ke8 Bb4 75. f8=Q Bxf8 76. Kxf8 1/2-1/2

[Event "DSOL 2021"]
[Site "Germany"]
[Date "2021.03.01"]
[Round "5.1"]
[White "Keller, Peter"]
[Black "Rosner, Jonas"]
[Result "0-1"]
[WhiteElo "2359"]
[BlackElo "2434"]
[Annotator "TA"]
[PlyCount "134"]
[EventDate "2021.01.18"]
[EventType "team-tourn"]
[EventCountry "GER"]
[SourceTitle "playchess.com"]
[Source "ChessBase"]
[SourceQuality "1"]

1. e4 c6 2. d4 d5 3. e5 Bf5 4. Nf3 e6 5. Be2 Ne7 6. O-O Ng6 7. Nbd2 Nf4 8. Nb3 Nxe2+ 9. Qxe2 Be7 10. Ne1 h6 11. Nd3 O-O 12. Be3 Nd7 13. g4 Bxd3 14. Qxd3 c5 15. Qe2 cxd4 16. Bxd4 Qc7 17. c3 Rac8 18. Rad1 Nc5 19. Nxc5 Bxc5 20. f4 Bxd4+ 21. Rxd4 Qb6 22. Rf2 f5 23. g5 hxg5 24. fxg5 g6 25. h4 Kg7 26. h5 gxh5 27. Rh2 Rh8 28. Kh1 Qa6 29. Qd1 Rc4 30. Rxh5 Qa4 31. b3 Qe8 32. Rh6 Rxd4 33. Qxd4 Rxh6+ 34. gxh6+ Kxh6 35. Qxa7 Qh5+ 36. Kg1 Qd1+ 37. Kf2 Qd2+ 38. Kf1 Qxc3 39. Qxb7 Qxe5 40. a4 f4 41. Qf7 Kg5 42. a5 Qa1+ 43. Kf2 Qxa5 44. Qxe6 Qa2+ 45. Kf1 Qb1+ 46. Kf2 Qc2+ 47. Kf1 Qxb3 48. Qe5+ Kg4 49. Qe6+ Kg3 50. Qe1+ Kf3 51. Qe2+ Kg3 52. Qf2+ Kg4 53. Qg2+ Qg3 54. Qxd5 Qf3+ 55. Qxf3+ Kxf3 56. Ke1 Kg2 57. Ke2 f3+ 58. Ke3 f2 59. Kd3 f1=Q+ 60. Kc3 Qf4 61. Kd3 Kf3 62. Kc2 Qe3 63. Kb1 Qd2 64. Ka1 Ke3 65. Kb1 Kd3 66. Ka1 Kc3 67. Kb1 Qb2# 0-1

[Event "DSOL 2021"]
[Site "Germany"]
[Date "2021.03.04"]
[Round "5.1"]
[White "Brendel, Oliver"]
[Black "Muschik, Benedikt"]
[Result "1/2-1/2"]
[WhiteElo "2340"]
[BlackElo "1736"]
[Annotator "TA"]
[PlyCount "134"]
[EventDate "2021.01.18"]
[EventType "team-tourn"]
[EventCountry "GER"]
[SourceTitle "playchess.com"]
[Source "ChessBase"]
[SourceQuality "1"]

1. c4 g6 2. g3 Bg7 3. Bg2 e5 4. e4 d6 5. Nc3 Nc6 6. Nge2 f5 7. d3 Nf6 8. O-O O-O 9. Nd5 Nh5 10. Be3 f4 11. gxf4 exf4 12. Nexf4 Nxf4 13. Bxf4 Bxb2 14. Rb1 Bg7 15. Qd2 Rf7 16. Bg5 Qf8 17. f4 Nd4 18. e5 dxe5 19. fxe5 Bxe5 20. Rxf7 Qxf7 21. Rf1 Bf5 22. Ne7+ Kh8 23. Bxb7 Rb8 24. Bd5 Qg7 25. Nxf5 Nxf5 26. Re1 Bc3 27. Qe2 Bxe1 28. Qxe1 h6 29. Bf4 Qd4+ 30. Qf2 Qxf2+ 31. Kxf2 Rb2+ 32. Kf3 Rxa2 33. Bxc7 a5 34. c5 Rc2 35. Be5+ Kh7 36. Bc4 Ne7 37. Bf6 Nc6 38. Ke4 Nb4 39. Bb3 Rxc5 40. Ba4 Rh5 41. d4 Rxh2 42. Bd8 Ra2 43. Bb3 Ra1 44. d5 a4 45. Bc4 Rd1 46. Ba5 Nc2 47. Bd3 Ne1 48. Be2 Rb1 49. d6 a3 50. d7 Rb8 51. Bc4 Nc2 52. Bc7 Rf8 53. d8=Q Rxd8 54. Bxd8 Nb4 55. Bf6 a2 56. Bb3 h5 57. Bc3 g5 58. Kf5 Kh6 59. Bf6 g4 60. Kf4 Kg6 61. Bc3 Nd3+ 62. Kg3 Nc1 63. Bc4 Kg5 64. Bd2+ Kf6 65. Bc3+ Kg5 66. Bd2+ Kf6 67. Bc3+ Kg5 1/2-1/2

[Event "DSOL 2021"]
[Site "Germany"]
[Date "2021.03.02"]
[Round "5.1"]
[White "Nguyen, Alex Dac-Vuong"]
[Black "Perestjuk, Marko"]
[Result "1-0"]
[WhiteElo "2307"]
[BlackElo "2160"]
[Annotator "TA"]
[PlyCount "79"]
[EventDate "2021.01.18"]
[EventType "team-tourn"]
[EventCountry "GER"]
[SourceTitle "playchess.com"]
[Source "ChessBase"]
[SourceQuality "1"]

1. c4 e5 2. g3 Nf6 3. Bg2 d5 4. cxd5 Nxd5 5. Nc3 Nb6 6. Nf3 Nc6 7. O-O Be7 8. a3 a5 9. d3 Be6 10. Be3 Nd5 11. Nxd5 Bxd5 12. Qa4 O-O 13. Rac1 f5 14. Qb5 Bf6 15. Rc5 Ne7 16. Ng5 Bxg2 17. Kxg2 b6 18. Qc4+ Kh8 19. Rxc7 f4 20. Ne6 Qd5+ 21. Qxd5 Nxd5 22. Nxf8 Nxc7 23. Bxb6 Nd5 24. Nd7 Kg8 25. Rc1 Kf7 26. Rc5 Ke6 27. Nxf6 gxf6 28. Bxa5 h5 29. Kf3 h4 30. g4 h3 31. Ke4 Ne7 32. Bb4 Rg8 33. Rc7 Ng6 34. e3 Rh8 35. d4 Rd8 36. d5+ Rxd5 37. Rc6+ Kd7 38. Kxd5 fxe3 39. fxe3 e4 40. Rxf6 1-0

[Event "DSOL 2021"]
[Site "Germany"]
[Date "2021.03.05"]
[Round "5.1"]
[White "Hummel, Dirk"]
[Black "Saraci, Nderim"]
[Result "1/2-1/2"]
[WhiteElo "2273"]
[BlackElo "2415"]
[Annotator "TA"]
[PlyCount "74"]
[EventDate "2021.01.18"]
[EventType "team-tourn"]
[EventCountry "GER"]
[SourceTitle "playchess.com"]
[Source "ChessBase"]
[SourceQuality "1"]
[WhiteTeam "SV Osnabrück"]
[BlackTeam "SK Ludwigshafen I"]

1. d4 Nf6 2. c4 e6 3. Nc3 d5 4. cxd5 exd5 5. Bg5 c6 6. e3 Be7 7. Bd3 O-O 8. Nf3 Re8 9. Qc2 Nbd7 10. O-O h6 11. Bf4 Nf8 12. h3 a5 13. a3 Bd6 14. Bxd6 Qxd6 15. Rab1 Be6 16. Rfc1 N8d7 17. b4 axb4 18. axb4 b5 19. e4 dxe4 20. Nxe4 Nxe4 21. Bxe4 Rac8 22. Bf5 Nf6 23. Bxe6 Rxe6 24. Qc5 Qf4 25. Re1 Rce8 26. Rxe6 Rxe6 27. Ra1 Nd5 28. Ne5 Qd2 29. Ra8+ Kh7 30. Qf8 Rxe5 31. dxe5 Qe1+ 32. Kh2 Qxf2 33. e6 Qf4+ 34. Kh1 Qf1+ 35. Kh2 Qf4+ 36. Kh1 Qc1+ 37. Kh2 Qf4+ 1/2-1/2

[Event "DSOL 2021"]
[Site "Germany"]
[Date "2021.03.01"]
[Round "5.1"]
[White "Hahn, Markus"]
[Black "Di Franco, Patrizio"]
[Result "1-0"]
[WhiteElo "2264"]
[BlackElo "1655"]
[Annotator "TA"]
[PlyCount "63"]
[EventDate "2021.01.18"]
[EventType "team-tourn"]
[EventCountry "GER"]
[SourceTitle "playchess.com"]
[Source "ChessBase"]
[SourceQuality "1"]

1. d4 Nf6 2. c4 c5 3. d5 g6 4. Nc3 Bg7 5. e4 d6 6. h3 O-O 7. Nf3 e6 8. Bd3 Nbd7 9. O-O e5 10. Bg5 h6 11. Be3 Nh7 12. Qd2 f5 13. Bxh6 f4 14. Bxg7 Kxg7 15. Be2 Ndf6 16. Rfb1 Bd7 17. Kf1 g5 18. Nh2 g4 19. Bxg4 Nxg4 20. Nxg4 Bxg4 21. hxg4 f3 22. g3 Qd7 23. Ke1 Qxg4 24. Qe3 Nf6 25. Kd2 Rh8 26. b4 Nd7 27. Nb5 Rh6 28. Nxd6 Rxd6 29. bxc5 Nf6 30. cxd6 Nxe4+ 31. Kd3 Nxd6 32. Qxe5+ 1-0

[Event "DSOL 2021"]
[Site "Germany"]
[Date "2021.03.03"]
[Round "5.1"]
[White "Zwanzger, Johannes"]
[Black "Cordts, Ingo"]
[Result "1-0"]
[WhiteElo "2263"]
[BlackElo "2214"]
[Annotator "TA"]
[PlyCount "49"]
[EventDate "2021.01.18"]
[EventType "team-tourn"]
[EventCountry "GER"]
[SourceTitle "playchess.com"]
[Source "ChessBase"]
[SourceQuality "1"]

1. e4 e5 2. Nf3 Nc6 3. Nc3 Nf6 4. h3 d5 5. exd5 Nxd5 6. Bb5 Nxc3 7. bxc3 Bd6 8. O-O O-O 9. d4 exd4 10. cxd4 Bf5 11. c4 Na5 12. c5 c6 13. Be2 Bc7 14. Be3 Re8 15. Re1 Qd7 16. Qd2 Bxh3 17. Ne5 Bxe5 18. dxe5 Rxe5 19. Qxa5 Bg4 20. Rad1 Qf5 21. Qxa7 Rae8 22. Qxb7 Bxe2 23. Rxe2 R5e6 24. Rd6 Qb1+ 25. Qxb1 1-0

[Event "DSOL 2021"]
[Site "Germany"]
[Date "2021.03.03"]
[Round "5.1"]
[White "Ritscher, Jan-Paul"]
[Black "Hartogh, Christian"]
[Result "0-1"]
[WhiteElo "2254"]
[BlackElo "1761"]
[Annotator "TA"]
[PlyCount "96"]
[EventDate "2021.01.18"]
[EventType "team-tourn"]
[EventCountry "GER"]
[SourceTitle "playchess.com"]
[Source "ChessBase"]
[SourceQuality "1"]

1. d4 Nf6 2. g3 g6 3. Bg2 c5 4. Nf3 Bg7 5. c4 O-O 6. O-O cxd4 7. Nxd4 Nc6 8. Nc3 Qb6 9. Nc2 d6 10. b3 Be6 11. Bb2 Rac8 12. Ne3 Qa5 13. Nb5 a6 14. Bc3 Qd8 15. Nd4 Nxd4 16. Bxd4 Qd7 17. a4 Bh3 18. Qd3 Bxg2 19. Kxg2 h5 20. h3 Qc6+ 21. f3 Rfe8 22. Rad1 e5 23. Bb2 e4 24. Qd2 exf3+ 25. exf3 Qb6 26. Bxf6 Rxe3 27. Bxg7 Kxg7 28. Qb2+ Kg8 29. Rb1 Rce8 30. Rf2 Rd3 31. b4 Ree3 32. c5 Qc6 33. Qf6 Re6 34. Qf4 Qxa4 35. cxd6 Rexd6 36. Rc1 Qd7 37. Rb1 R3d4 38. Qe3 h4 39. g4 Rd2 40. Rb2 Rxb2 41. Rxb2 Rd3 42. Qh6 Qc6 43. Rf2 Qf6 44. Qc1 Qd6 45. Qc8+ Kg7 46. Qxb7 Qg3+ 47. Kf1 Rd1+ 48. Ke2 Qd6 0-1

[Event "DSOL 2021"]
[Site "Germany"]
[Date "2021.03.04"]
[Round "5.1"]
[White "Mueller, Philipp"]
[Black "Steffens, Olaf"]
[Result "1-0"]
[WhiteElo "2237"]
[BlackElo "2145"]
[Annotator "TA"]
[PlyCount "81"]
[EventDate "2021.01.18"]
[EventType "team-tourn"]
[EventCountry "GER"]
[SourceTitle "playchess.com"]
[Source "ChessBase"]
[SourceQuality "1"]

1. c4 b6 2. e4 c5 3. g3 Nc6 4. Bg2 g6 5. Nc3 Bg7 6. Nge2 Ba6 7. d3 e6 8. O-O Nge7 9. a3 O-O 10. b4 Bb7 11. bxc5 bxc5 12. Rb1 Rb8 13. Bf4 d6 14. Qd2 Ne5 15. Bg5 f6 16. Be3 Ng4 17. Bh3 f5 18. Bxg4 fxg4 19. Bh6 Bxh6 20. Qxh6 e5 21. Rb3 Bc6 22. Rxb8 Qxb8 23. Qg5 Qe8 24. Qxg4 Bd7 25. Qh4 Rf3 26. Kg2 Qf7 27. Nf4 exf4 28. Kxf3 Qg7 29. Nd5 g5 30. Nxe7+ Qxe7 31. Qh6 Qe5 32. Rb1 g4+ 33. Kg2 f3+ 34. Kg1 Be8 35. h3 gxh3 36. Kh2 Qd4 37. Qg5+ Kh8 38. Rb8 Qxf2+ 39. Kxh3 Qg2+ 40. Kg4 a6 41. Rxe8# 1-0

[Event "DSOL 2021"]
[Site "Germany"]
[Date "2021.03.03"]
[Round "5.1"]
[White "Schrepp, Martin"]
[Black "Lindhauer, Thorben"]
[Result "1-0"]
[WhiteElo "2234"]
[BlackElo "1620"]
[Annotator "TA"]
[PlyCount "105"]
[EventDate "2021.01.18"]
[EventType "team-tourn"]
[EventCountry "GER"]
[SourceTitle "playchess.com"]
[Source "ChessBase"]
[SourceQuality "1"]

1. e4 c6 2. Nc3 d5 3. Nf3 Nf6 4. e5 Ne4 5. d4 Nxc3 6. bxc3 e6 7. Bd3 c5 8. O-O Be7 9. Be3 b6 10. Nd2 Ba6 11. Qg4 g6 12. dxc5 Bxd3 13. cxd3 bxc5 14. f4 d4 15. cxd4 cxd4 16. Bf2 Nc6 17. Qf3 Rc8 18. Rfc1 Qd7 19. Rc4 O-O 20. Nb3 Nb4 21. Nxd4 Rfd8 22. a3 Nd5 23. a4 a5 24. Nb5 Nb4 25. Bb6 Rxc4 26. dxc4 Rc8 27. Rd1 Qc6 28. Qxc6 Rxc6 29. Bd8 Kf8 30. Bxe7+ Kxe7 31. Nd6 f6 32. exf6+ Kxf6 33. c5 Na6 34. Rc1 Ke7 35. Nb7 Kd7 36. Kf2 Kc7 37. Nxa5 Rxc5 38. Nb3 Rxc1 39. Nxc1 Nc5 40. a5 Kd6 41. Ke3 e5 42. fxe5+ Kd5 43. Nd3 Na6 44. h4 Nc7 45. Nb4+ Kxe5 46. a6 h6 47. a7 g5 48. h5 Na8 49. Kf3 Kf5 50. g4+ Ke5 51. Ke3 Nb6 52. Nc6+ Kd6 53. Nd4 1-0

[Event "DSOL 2021"]
[Site "Germany"]
[Date "2021.03.02"]
[Round "5.1"]
[White "Mirschinka, Dirk"]
[Black "Atri, Jamshid"]
[Result "1-0"]
[WhiteElo "2227"]
[BlackElo "1957"]
[Annotator "TA"]
[PlyCount "85"]
[EventDate "2021.01.18"]
[EventType "team-tourn"]
[EventCountry "GER"]
[SourceTitle "playchess.com"]
[Source "ChessBase"]
[SourceQuality "1"]

1. d4 Nf6 2. c4 e6 3. g3 d5 4. Bg2 Be7 5. Nf3 O-O 6. O-O dxc4 7. Qc2 Bd7 8. Ne5 Bc6 9. Nxc6 Nxc6 10. Bxc6 bxc6 11. Qxc4 Qd5 12. Qa4 c5 13. Rd1 Qh5 14. Qc6 Rad8 15. Qxc7 Rd7 16. Qc6 cxd4 17. f3 Rfd8 18. Rd3 Qd5 19. Qxd5 Nxd5 20. Bd2 e5 21. Na3 f5 22. Rb3 Rc8 23. Ba5 Ne3 24. Bb4 Bf6 25. Kf2 Rb7 26. Bd2 Rxb3 27. axb3 Nd5 28. Nc4 Rb8 29. Rxa7 Rxb3 30. Ra5 e4 31. fxe4 fxe4 32. Rxd5 e3+ 33. Bxe3 dxe3+ 34. Nxe3 Rxb2 35. Ng4 Be7 36. Ne5 g6 37. Kf3 Bf6 38. Nd3 Rd2 39. Rb5 Kg7 40. Rb7+ Kh6 41. Nf2 Ba1 42. Ng4+ Kg5 43. Rb5+ 1-0

[Event "DSOL 2021"]
[Site "Germany"]
[Date "2021.03.05"]
[Round "5.1"]
[White "Bente, Bjoern"]
[Black "Carow, Johannes"]
[Result "1-0"]
[WhiteElo "2226"]
[BlackElo "2446"]
[Annotator "TA"]
[PlyCount "131"]
[EventDate "2021.01.18"]
[EventType "team-tourn"]
[EventCountry "GER"]
[SourceTitle "playchess.com"]
[Source "ChessBase"]
[SourceQuality "1"]
[WhiteTeam "Hamburger SK II"]
[BlackTeam "SF Heidesheim I"]

1. d4 Nf6 2. c4 g6 3. Nc3 d5 4. Nf3 Bg7 5. Qb3 dxc4 6. Qxc4 O-O 7. e4 Na6 8. Be2 c5 9. d5 e6 10. O-O exd5 11. exd5 Re8 12. Rd1 b6 13. a3 Bb7 14. d6 Ne4 15. d7 Re6 16. Nxe4 Rxe4 17. Bg5 Bf6 18. Bxf6 Qxf6 19. Qc3 Qe7 20. Bd3 Re6 21. Bc4 Re4 22. Qd3 Rxc4 23. Qxc4 Bxf3 24. gxf3 Nc7 25. Qe4 Qg5+ 26. Qg4 Qf6 27. Qe4 Rd8 28. Rab1 Kg7 29. b4 Ne6 30. Rd6 Ng5 31. Rxf6 Nxe4 32. Rc6 Nd2 33. Rd1 Rxd7 34. Kg2 Rd5 35. Rc7 cxb4 36. axb4 Rg5+ 37. Kh1 Nxf3 38. Rxa7 Rg4 39. Ra3 Ne5 40. Rd5 Nc4 41. Rad3 Nb2 42. R3d4 Rxd4 43. Rxd4 Kf8 44. b5 Ke7 45. Kg2 Ke6 46. Kf3 Ke5 47. Ke3 g5 48. Rg4 Nd1+ 49. Ke2 Nc3+ 50. Kd3 Nxb5 51. Rxg5+ f5 52. Rh5 Nc7 53. Rxh7 Nd5 54. Rb7 Kf4 55. Kd4 Nf6 56. Rxb6 Ne4 57. h4 Kg4 58. f3+ Kxf3 59. h5 Kf4 60. h6 Ng5 61. Rg6 Nf3+ 62. Kd5 Ne5 63. Rg7 Ng4 64. Rxg4+ fxg4 65. h7 g3 66. h8=Q 1-0

[Event "DSOL 2021"]
[Site "Germany"]
[Date "2021.03.05"]
[Round "5.1"]
[White "Ahlberg, Matthias"]
[Black "Keyser, Robin"]
[Result "0-1"]
[WhiteElo "2207"]
[BlackElo "2070"]
[Annotator "TA"]
[PlyCount "70"]
[EventDate "2021.01.18"]
[EventType "team-tourn"]
[EventCountry "GER"]
[SourceTitle "playchess.com"]
[Source "ChessBase"]
[SourceQuality "1"]
[WhiteTeam "SG Weißensee I"]
[BlackTeam "SK Johanneum Eppendorf III"]

1. e4 g6 2. d4 Bg7 3. Nc3 d6 4. Be3 a6 5. Bc4 b5 6. Bb3 Bb7 7. f3 Nd7 8. a4 b4 9. Nce2 Ngf6 10. Qd2 c5 11. Bh6 O-O 12. h4 Rc8 13. h5 Bxh6 14. Qxh6 c4 15. Ba2 e5 16. hxg6 fxg6 17. Nh3 Qe7 18. Ng5 d5 19. dxe5 Nxe5 20. exd5 b3 21. d6 Qd7 22. cxb3 Qxd6 23. Nxh7 Qb4+ 24. Kf1 Nfg4 25. Nf6+ Rxf6 26. Qh7+ Kf8 27. Nd4 Ne3+ 28. Kg1 Nf7 29. bxc4 Qd2 30. Qh3 Qxd4 31. Kh2 Kg7 32. Kg3 Nf5+ 33. Kh2 Rh8 34. Rad1 Rxh3+ 35. gxh3 Qf2# 0-1

[Event "DSOL 2021"]
[Site "Germany"]
[Date "2021.03.05"]
[Round "5.1"]
[White "Mohaupt, Sascha"]
[Black "Moser, Axel"]
[Result "1/2-1/2"]
[WhiteElo "2198"]
[BlackElo "2137"]
[Annotator "TA"]
[PlyCount "93"]
[EventDate "2021.01.18"]
[EventType "team-tourn"]
[EventCountry "GER"]
[SourceTitle "playchess.com"]
[Source "ChessBase"]
[SourceQuality "1"]
[WhiteTeam "SV Wermelskirchen I"]
[BlackTeam "SC Kreuzberg I"]

1. d4 Nf6 2. Nc3 d5 3. Bf4 c5 4. e3 cxd4 5. exd4 a6 6. Bd3 Nc6 7. Nge2 Bg4 8. Qd2 e6 9. Ng3 Bd6 10. h3 Bxf4 11. Qxf4 Bh5 12. Nxh5 Nxh5 13. Qe3 O-O 14. O-O Qd6 15. Ne2 Nb4 16. c3 Nxd3 17. Qxd3 Nf6 18. Rfe1 b5 19. Nc1 b4 20. Nb3 bxc3 21. Qxc3 Ne4 22. Qe3 Qb4 23. Rab1 Rab8 24. Rec1 Rfc8 25. Nc5 Nxc5 26. dxc5 d4 27. Qe5 Rd8 28. c6 Rbc8 29. Qc5 Qxc5 30. Rxc5 Rd6 31. c7 Rd7 32. Rbc1 Kf8 33. f3 Ke7 34. Kf2 d3 35. Ke3 d2 36. Rd1 Rcxc7 37. Rxc7 Rxc7 38. Rxd2 Rc1 39. Kd3 Kd6 40. Rc2 Ra1 41. b4 e5 42. Kc4 f5 43. Rd2+ Kc6 44. Re2 Kd6 45. Rd2+ Kc6 46. Re2 Kd6 47. Rd2+ 1/2-1/2

[Event "DSOL 2021"]
[Site "Germany"]
[Date "2021.03.04"]
[Round "5.1"]
[White "Boder, Jan"]
[Black "Garzinsky, Dominik"]
[Result "1/2-1/2"]
[WhiteElo "2186"]
[BlackElo "2109"]
[Annotator "TA"]
[PlyCount "111"]
[EventDate "2021.01.18"]
[EventType "team-tourn"]
[EventCountry "GER"]
[SourceTitle "playchess.com"]
[Source "ChessBase"]
[SourceQuality "1"]

1. c4 e6 2. g3 Nf6 3. Bg2 d5 4. Nf3 Be7 5. O-O O-O 6. b3 c5 7. cxd5 exd5 8. d4 Nc6 9. Nc3 Ne4 10. Nxe4 dxe4 11. Ne5 Nxd4 12. e3 Nb5 13. Qxd8 Rxd8 14. Bxe4 Nc3 15. Bg2 Bf6 16. f4 Rb8 17. Bb2 Bxe5 18. fxe5 Nd5 19. Bxd5 Rxd5 20. Rad1 Rxd1 21. Rxd1 Be6 22. Kf2 h5 23. e4 Rc8 24. Ke3 Kh7 25. h4 Rg8 26. Kf4 Rc8 27. Ke3 Kh6 28. Bc3 g5 29. Bd2 gxh4 30. gxh4 b5 31. Kf2+ Kh7 32. Bg5 c4 33. bxc4 Rxc4 34. Ke3 Rc3+ 35. Rd3 Rxd3+ 36. Kxd3 Bxa2 37. Kc3 Bb1 38. Kb4 a6 39. Ka5 Bxe4 40. Bd2 Bd3 41. Bg5 Kg6 42. Bf6 Kf5 43. Kb4 Be4 44. Ka5 Ke6 45. Kb4 Bf5 46. Ka5 Kd5 47. Kb4 Bc8 48. Ka5 Kc4 49. Be7 Bd7 50. Bf8 Kd5 51. Bg7 Bc8 52. Bf6 Ke4 53. Kb4 Kd3 54. Ka5 Kc4 55. Be7 Kd5 56. Bf6 1/2-1/2